|
|
|
|
| LEADER |
00000nab a2200000 a 4500 |
| 001 |
vtls009458960 |
| 003 |
SK-MaSNL |
| 005 |
20260304152952.0 |
| 008 |
250506c2008 xo |r|p|||||||000 b|slo |
| 015 |
|
|
|a SNBRB2009/01
|2 snkbucl
|
| 035 |
|
|
|a (uuid)3cf97861-aee0-421e-9d26-f1449510f669
|
| 035 |
|
|
|a urn:nbn:sk:snk-abc4fk
|
| 035 |
|
|
|a (urnnbn)urn:nbn:sk:snk:ar-006fak
|
| 038 |
|
|
|a SNKBUCL
|
| 040 |
|
|
|a SNKBUCL
|b slo
|c SNKBUCL
|e AACR2
|
| 041 |
0 |
|
|a slo
|
| 044 |
|
|
|a xo
|c SK
|
| 080 |
|
|
|a 78.071.1/.2:784.66
|x (048)
|2 2001
|
| 080 |
|
|
|a 784.66
|x (048)
|2 2001
|
| 245 |
0 |
0 |
|a Bratři Ebenové - Chlebíčky - Sony/BMG 2008
|c [autori] -vaše uši + at-
|
| 500 |
|
|
|a V rubrike cdOTYKY
|
| 610 |
2 |
7 |
|a Bratři Ebenové (hudobná skupina)
|2 snkbucl
|9 158328
|
| 630 |
0 |
7 |
|a Chlebíčky (nahrávka CD)
|2 snkbucl
|9 1475702
|
| 650 |
0 |
7 |
|a nahrávky CD
|2 snkbucl
|9 19639
|
| 655 |
|
7 |
|a recenzie
|2 snkbucl
|9 21907
|
| 773 |
0 |
|
|t Dotyky
|g Roč. XX, č. 3 (2008), s. 62-63
|x 1210-2210
|
| 850 |
|
|
|a Slovenská národná knižnica
|
| 852 |
|
|
|a Slovenská národná knižnica
|
| 958 |
|
|
|a article15
|
| 958 |
|
|
|a OND
|
| 958 |
|
|
|a CZ
|
| 958 |
|
|
|a RC
|
| 958 |
|
|
|a EUIPO
|
| 999 |
|
|
|c 2951921
|d 2953851
|